000
00269nam a2200121Ia 4500
008
190216s9999||||xx |||||||||||||| ||und||
100
_a
Null
245
0
_a
Hindi-Gous Member
260
_b
Cosmo Publications New Delhi
300
_a
107
650
_a
Hindi
942
_c
BK
999
_c
15578
_d
15578